MACHINE WOODWORKING (Record no. 568353)

000 -LEADER
fixed length control field 00239nam a22001097a 4500
082 ## - DEWEY DECIMAL CLASSIFICATION NUMBER
Classification number 684.08 HJO'M
100 ## - MAIN ENTRY--PERSONAL NAME
Personal name HJORTH, HERMAN
9 (RLIN) 15768
245 ## - TITLE STATEMENT
Title MACHINE WOODWORKING
260 ## - PUBLICATION, DISTRIBUTION, ETC.
Place of publication, distribution, etc. MILEAUKEE
Name of publisher, distributor, etc. BRUCE
Date of publication, distribution, etc. 1947
300 ## - PHYSICAL DESCRIPTION
Extent 371P
942 ## - ADDED ENTRY ELEMENTS (KOHA)
Koha item type Book
Holdings
Withdrawn status Lost status Damaged status Not for loan Permanent Location Current Location Shelving location Date acquired Total Checkouts Full call number Barcode Date last seen Price effective from Koha item type
        College of Electrical & Mechanical Engineering (CEME) College of Electrical & Mechanical Engineering (CEME) General Stacks 07/14/2017   684.08 HJO'M CEME-3281 06/28/2021 06/28/2021 Book
© 2023 Central Library, National University of Sciences and Technology. All Rights Reserved.